Mickey Mouse Clubhouse : (Registro nro. 29806)

Detalles MARC
000 -LEADER
fixed length control field 00666nam a22002057a 4500
003 - CONTROL NUMBER IDENTIFIER
control field OSt
005 - DATE AND TIME OF LATEST TRANSACTION
control field 20221214075139.0
008 - FIXED-LENGTH DATA ELEMENTS--GENERAL INFORMATION
fixed length control field 221214t2009 us a|||br|||| 00| j eng d
020 ## - INTERNATIONAL STANDARD BOOK NUMBER
International Standard Book Number 9781423131106
040 ## - CATALOGING SOURCE
Original cataloging agency CO-JMCR
Transcribing agency CO-JMCR
041 0# - LANGUAGE CODE
Language code of text/sound track or separate title eng
082 04 - DEWEY DECIMAL CLASSIFICATION NUMBER
Classification number C /
Item number SWEm
100 1# - MAIN ENTRY--PERSONAL NAME
Personal name Sweeny Higginson, Sheila,
Relator term autora
9 (RLIN) 42543
245 10 - TITLE STATEMENT
Title Mickey Mouse Clubhouse :
Remainder of title treasury /
Statement of responsibility, etc. Sheila Sweeny Higginson
260 ## - PUBLICATION, DISTRIBUTION, ETC.
Place of publication, distribution, etc. Nueva York :
Name of publisher, distributor, etc. Disney,
Date of publication, distribution, etc. ©2009
300 ## - PHYSICAL DESCRIPTION
Extent 66 páginas :
Other physical details ilustraciones a color ;
Dimensions 24 cm
505 0# - FORMATTED CONTENTS NOTE
Formatted contents note Minnie's rainbow -- Up, up, and away -- Look before you leap
650 14 - SUBJECT ADDED ENTRY--TOPICAL TERM
Topical term or geographic name entry element Cuentos infantiles en inglés
9 (RLIN) 42544
942 ## - ADDED ENTRY ELEMENTS (KOHA)
Source of classification or shelving scheme Dewey Decimal Classification
Koha item type Books
Existencias
Withdrawn status Lost status Source of classification or shelving scheme Damaged status Not for loan Home library Current library Date acquired Source of acquisition Total Checkouts Total Renewals Full call number Barcode Date last seen Date last checked out Copy number Price effective from Koha item type
    Dewey Decimal Classification     Biblioteca Pública José María del Castillo y Rada Biblioteca Pública José María del Castillo y Rada 02/23/2022 Donación 24 2 C / SWEm 201811751 12/05/2025 12/05/2025 Ej.1 12/14/2022 Books